Химия 1.2 (Электроэнергетика и электротехника): электронный курс
| Autor Principal: | |
|---|---|
| Autor Corporativo: | |
| Outros autores: | |
| Summary: | Заглавие с экрана Курс «Химия.1.2» основывается на базовых знаниях, полученными студентами при изучении химии в курсе средней школы. Для глубокого усвоения дисциплины студент должен владеть химической терминологией; понимать смысл химических формул и символов, индексов и коэффициентов в химических уравнениях реакций; иметь представления об основных классах неорганических соединений; понимать различие между химическими и физическими явлениями; иметь представление об атомно-молекулярном учении; иметь навыки решения простейших расчетных задач. Курс «Химия 1.2» состоит из пяти разделов: «Основные понятия и законы химии», «Строение вещества», «Закономерности химических реакций», «Растворы», «Электрохимические системы». Каждый раздел содержит классические лекции и лекции в режиме презентаций, описание лабораторных работ и практических занятий, индивидуальное домашнее задание, а также задания для самоконтроля знаний в виде тестов. Усвоение курса «Химия 1.2» невозможно без знаний математики и физики. Владение математическим аппаратом решения задач имеет превалирующее значение успешности усвоения материала при изучении таких разделов химии как строение вещества, основы химической термодинамики и кинетики, химия растворов. Знания физических явлений и законов необходимо при изучении химии элементов и их соединений. Доступ по логину и паролю |
| Idioma: | ruso |
| Publicado: |
Томск, TPU Moodle, 2016
|
| Subjects: | |
| Acceso en liña: | https://design.lms.tpu.ru/course/view.php?id=1580 |
| Formato: | MixedMaterials Electrónico Libro |
| KOHA link: | https://koha.lib.tpu.ru/cgi-bin/koha/opac-detail.pl?biblionumber=666098 |
MARC
| LEADER | 00000nlm0a2200000 4500 | ||
|---|---|---|---|
| 001 | 666098 | ||
| 005 | 20240109144703.0 | ||
| 035 | |a (RuTPU)RU\TPU\network\37302 | ||
| 035 | |a RU\TPU\network\37297 | ||
| 090 | |a 666098 | ||
| 100 | |a 20211203d2016 m y0rusy50 ca | ||
| 101 | 0 | |a rus | |
| 102 | |a RU | ||
| 105 | |a a j 000zy | ||
| 135 | |a jrcn ---uucaa | ||
| 181 | 0 | |a i | |
| 182 | 0 | |a b | |
| 200 | 1 | |a Химия 1.2 (Электроэнергетика и электротехника) |e электронный курс |f К. И. Мачехина, Е. Н. Грязнова |g Национальный исследовательский Томский политехнический университет, Институт физики высоких технологий, Кафедра общей химии и химической технологии | |
| 203 | |a Текст |c электронный | ||
| 210 | |a Томск |c TPU Moodle |d 2016 | ||
| 300 | |a Заглавие с экрана | ||
| 330 | |a Курс «Химия.1.2» основывается на базовых знаниях, полученными студентами при изучении химии в курсе средней школы. Для глубокого усвоения дисциплины студент должен владеть химической терминологией; понимать смысл химических формул и символов, индексов и коэффициентов в химических уравнениях реакций; иметь представления об основных классах неорганических соединений; понимать различие между химическими и физическими явлениями; иметь представление об атомно-молекулярном учении; иметь навыки решения простейших расчетных задач. Курс «Химия 1.2» состоит из пяти разделов: «Основные понятия и законы химии», «Строение вещества», «Закономерности химических реакций», «Растворы», «Электрохимические системы». Каждый раздел содержит классические лекции и лекции в режиме презентаций, описание лабораторных работ и практических занятий, индивидуальное домашнее задание, а также задания для самоконтроля знаний в виде тестов. Усвоение курса «Химия 1.2» невозможно без знаний математики и физики. Владение математическим аппаратом решения задач имеет превалирующее значение успешности усвоения материала при изучении таких разделов химии как строение вещества, основы химической термодинамики и кинетики, химия растворов. Знания физических явлений и законов необходимо при изучении химии элементов и их соединений. | ||
| 333 | |a Доступ по логину и паролю | ||
| 606 | 1 | |a Химия |2 stltpush |3 (RuTPU)RU\TPU\subj\17362 |9 43035 | |
| 610 | 1 | |a электронный ресурс | |
| 610 | 1 | |a труды учёных ТПУ | |
| 610 | 1 | |a электронное обучение | |
| 610 | 1 | |a электронные курсы ТПУ | |
| 610 | 1 | |a электронные учебные пособия | |
| 610 | 1 | |a учебные пособия | |
| 610 | 1 | |a электронное образование | |
| 610 | 1 | |a дистанционное обучение | |
| 610 | 1 | |a дистанционное образование | |
| 610 | 1 | |a химические свойства | |
| 610 | 1 | |a термодинамика | |
| 610 | 1 | |a кинетика | |
| 675 | |a 54(075.8) |v 4 | ||
| 700 | 1 | |a Мачехина |b К. И. |c химик-технолог |c инженер, доцент Томского политехнического университета, кандидат технических наук |f 1987- |g Ксения Игоревна |3 (RuTPU)RU\TPU\pers\28100 |9 13058 | |
| 701 | 1 | |a Грязнова |b Е. Н. |c химик-технолог |c инженер-исследователь Томского политехнического университета |f 1987- |g Елена Николаевна |3 (RuTPU)RU\TPU\pers\30190 | |
| 712 | 0 | 2 | |a Национальный исследовательский Томский политехнический университет |b Институт физики высоких технологий |b Кафедра общей химии и химической технологии |3 (RuTPU)RU\TPU\col\21253 |
| 801 | 2 | |a RU |b 63413507 |c 20220627 |g RCR | |
| 856 | 4 | |u https://design.lms.tpu.ru/course/view.php?id=1580 | |
| 942 | |c CF | ||